|
|
|
|
| LEADER |
00000nam0a2200000 4500 |
| 001 |
72596 |
| 005 |
20231031083707.0 |
| 035 |
|
|
|a (RuTPU)RU\TPU\book\77405
|
| 090 |
|
|
|a 72596
|
| 100 |
|
|
|a 20050127d1989 k y0rusy50 ca
|
| 101 |
0 |
|
|a rus
|
| 102 |
|
|
|a RU
|
| 105 |
|
|
|a a z 000zy
|
| 200 |
1 |
|
|a Формирование структуры кадров современных научных библиотек
|e Сборник научных трудов (межведомственный)
|f ГПНТБ СО АН СССР ; Под ред. И. С. Геллер и Т. А. Ждановой
|
| 210 |
|
|
|a Новосибирск
|c ГПНТБ СО АН СССР
|d 1989
|
| 215 |
|
|
|a 178 с.
|c ил.
|
| 320 |
|
|
|a Библиография в конце статей
|
| 610 |
1 |
|
|a сборники
|
| 610 |
1 |
|
|a научные библиотеки
|
| 610 |
1 |
|
|a кадры
|
| 610 |
1 |
|
|a формирование
|
| 610 |
1 |
|
|a непрерывное образование
|
| 610 |
1 |
|
|a квалификация
|
| 610 |
1 |
|
|a адаптация
|
| 610 |
1 |
|
|a молодые специалисты
|
| 610 |
1 |
|
|a повышение
|
| 686 |
|
|
|a Ч737.13
|v LBC/SL-A
|2 rubbk
|
| 702 |
|
1 |
|a Геллер
|b И. С.
|4 340
|
| 702 |
|
1 |
|a Жданова
|b Т. А.
|4 340
|
| 712 |
0 |
2 |
|a Государственная публичная научно-техническая библиотека Сибирского отделения Академии наук СССР (ГПНТБ СО АН СССР)
|2 stltpush
|3 (RuTPU)RU\TPU\col\7241
|
| 801 |
|
1 |
|a RU
|b 63413507
|c 20050127
|g PSBO
|
| 801 |
|
2 |
|a RU
|b 63413507
|c 20170127
|g PSBO
|
| 942 |
|
|
|c BK
|